UEFA club competition winners - Statistics

General Stats
  • This quiz has been taken 1,297 times
  • The average score is 15 of 24
Answer Stats
Hint Answer % Correct
15 Real Madrid
99%
12 Barcelona
97%
10 Bayern Munich
93%
11 Liverpool
92%
6 Manchester United
92%
8 Internazionale
91%
5 Chelsea
87%
11 Juventus
87%
17 Milan
86%
10 Ajax
82%
7 Porto
75%
3 Sevilla
68%
5 Valencia
57%
6 Atletico Madrid
56%
3 Nottingham Forest
54%
4 Feyenoord
51%
4 Hamburg
41%
3 Aston Villa
39%
3 Borussia Dortmund
39%
3 Tottenham Hotspur
37%
5 Anderlecht
26%
4 Parma
24%
3 Schalke 04
23%
3 Dynamo Kyiv
21%
No matching quizzes found
Score Distribution
Percent of People with Each Score
Percentile by Number Answered
Your Score History
You have not taken this quiz